000 00354 a2200169 4500
001 191003
020 _a978-85-329-0792-9
040 _cMagnum
100 _aLopes, Carlos Herculano
240 1 0 _aCoisa do bicho
_lpor
245 1 0 _aCoisa do bicho
300 _a88
362 0 _a2014
440 1 _aLĂȘ
697 _aLITERATURA JUVENIL
942 _cBK
999 _c191003
_d191003